000 00594nam a22001697a 4500
005 20251108165213.0
008 250721s1987 xx 000 0 ara d
082 1 4 _a332.2/أسا
245 1 0 _aأساليب المعايشة الحديثة مع مخاطر الإئتمان المصرفي /
264 1 _aبيروت :
_bإتحاد المصارف العربية،
_c1987.
300 _a416ص
650 1 7 _aالمؤسسات المصرفية المتخصصه
650 1 7 _aشركات الأئتمان
710 2 _aإتحاد المصارف العربية
942 _2ddc
_cBK
999 _c22029
_d22029